| 000 | 00867nam a2200229 a 4500 | ||
|---|---|---|---|
| 005 | 20210223130753.0 | ||
| 008 | 081103s1986 mx r 000 0 spa d | ||
| 035 | _aUPN01000164759 | ||
| 049 | _aUNE | ||
| 080 | _a37.062/. 063 (591)=20 CIN No.167 | ||
| 100 | 1 | _aCin, Robert Biak | |
| 245 | 1 | 0 |
_aLoving kindness and the five gratitudes : _bBurmese cultural values underlying community participation in the primary school improvement programme / _cRobert Biak Cin; Guy B. Scandlen. |
| 260 |
_aParÃs : _bUNESCO; _aNew York : _bUNICEF, _c1986. |
||
| 300 | _a17 p. | ||
| 440 | 0 |
_aNotes, comments... ; _v167 |
|
| 690 | _aRelacion escuela -comunidad - Birmania | ||
| 690 | _aParticipacion comunitaria - Reforma de la educacion - Birmania | ||
| 700 | 1 | _aScandlen, Guy B. | |
| 710 | 2 |
_aUNICEF _924085 |
|
| 710 | 2 | _aPrograma de Alimentación Mundial | |
| 905 | _aUNESCO | ||
| 999 |
_c136871 _d136871 |
||